| 000 -LEADER |
| fixed length control field |
01330cam a2200301 i 4500 |
| 001 - CONTROL NUMBER |
| control field |
19580949 |
| 005 - DATE AND TIME OF LATEST TRANSACTION |
| control field |
20221108163510.0 |
| 008 - FIXED-LENGTH DATA ELEMENTS--GENERAL INFORMATION |
| fixed length control field |
170324s2017 nyuab b 000 0 eng |
| 020 ## - INTERNATIONAL STANDARD BOOK NUMBER |
| International Standard Book Number |
9780190656775 X |
| Qualifying information |
(pbk) |
| 041 ## - LANGUAGE CODE |
| Language code of text/sound track or separate title |
eng |
| 080 ## - UNIVERSAL DECIMAL CLASSIFICATION NUMBER |
| Universal Decimal Classification number |
32(5)+316.7(5) A-53 |
| 100 1# - MAIN ENTRY--PERSONAL NAME |
| Personal name |
Ahmad, Aisha, |
| Relator term |
author. |
| 9 (RLIN) |
9807 |
| 245 10 - TITLE STATEMENT |
| Title |
Jihad & Co. : |
| Remainder of title |
black markets and Islamist power / |
| Statement of responsibility, etc. |
Aisha Ahmad. |
| 264 #1 - PRODUCTION, PUBLICATION, DISTRIBUTION, MANUFACTURE, AND COPYRIGHT NOTICE |
| Place of production, publication, distribution, manufacture |
New York, NY : |
| Name of producer, publisher, distributor, manufacturer |
Oxford University Press, |
| Date of production, publication, distribution, manufacture, or copyright notice |
2017. |
| 300 ## - PHYSICAL DESCRIPTION |
| Extent |
303 pages : |
| Other physical details |
illustrations, maps ; |
| Dimensions |
25 cm. |
| 650 #0 - SUBJECT ADDED ENTRY--TOPICAL TERM |
| Topical term or geographic name entry element |
Jihad |
| General subdivision |
Economic aspects. |
| 9 (RLIN) |
9808 |
| 650 #0 - SUBJECT ADDED ENTRY--TOPICAL TERM |
| Topical term or geographic name entry element |
Civil war |
| General subdivision |
Economic aspects |
| Geographic subdivision |
Islamic countries. |
| 9 (RLIN) |
9809 |
| 650 #0 - SUBJECT ADDED ENTRY--TOPICAL TERM |
| Topical term or geographic name entry element |
Political violence |
| General subdivision |
Economic aspects |
| Geographic subdivision |
Islamic countries. |
| 9 (RLIN) |
9810 |
| 650 #0 - SUBJECT ADDED ENTRY--TOPICAL TERM |
| Topical term or geographic name entry element |
Black market |
| Geographic subdivision |
Islamic countries. |
| 9 (RLIN) |
9811 |
| 650 #0 - SUBJECT ADDED ENTRY--TOPICAL TERM |
| Topical term or geographic name entry element |
Informal sector (Economics) |
| Geographic subdivision |
Islamic countries. |
| 9 (RLIN) |
9812 |
| 651 #0 - SUBJECT ADDED ENTRY--GEOGRAPHIC NAME |
| Geographic name |
Islamic countries |
| General subdivision |
Economic conditions |
| Chronological subdivision |
21st century. |
| 9 (RLIN) |
9813 |
| 653 ## - INDEX TERM--UNCONTROLLED |
| keyword |
მებრძოლი ჯიჰადისტური დაჯგუფებები |
| 653 ## - INDEX TERM--UNCONTROLLED |
| keyword |
ეკონომიკური ასპექტები |
| 653 ## - INDEX TERM--UNCONTROLLED |
| keyword |
ისლამური ქვეყნები |
| 653 ## - INDEX TERM--UNCONTROLLED |
| keyword |
პოლიტიკური ძალადობა |
| 942 ## - ADDED ENTRY ELEMENTS (KOHA) |
| Source of classification or shelving scheme |
|
| Koha item type |
წიგნი |